Emerging Research Directions in Social Entrepreneurship

This book takes an inside-out approach to examine the broad topic of social entrepreneurship. Instead of looking inward at what social entrepreneurship is, this book looks forward from the view of successful social entrepreneurs to answer the important question, “Where is social entrepreneurship goi...

Πλήρης περιγραφή

Λεπτομέρειες βιβλιογραφικής εγγραφής
Συγγραφή απο Οργανισμό/Αρχή: SpringerLink (Online service)
Άλλοι συγγραφείς: Pate, Larry (Επιμελητής έκδοσης), Wankel, Charles (Επιμελητής έκδοσης)
Μορφή: Ηλεκτρονική πηγή Ηλ. βιβλίο
Γλώσσα:English
Έκδοση: Dordrecht : Springer Netherlands : Imprint: Springer, 2014.
Σειρά:Advances in Business Ethics Research, A Journal of Business Ethics Book Series ; 5
Θέματα:
Διαθέσιμο Online:Full Text via HEAL-Link
LEADER 03267nam a22005295i 4500
001 978-94-007-7896-2
003 DE-He213
005 20151204161258.0
007 cr nn 008mamaa
008 140331s2014 ne | s |||| 0|eng d
020 |a 9789400778962  |9 978-94-007-7896-2 
024 7 |a 10.1007/978-94-007-7896-2  |2 doi 
040 |d GrThAP 
050 4 |a HB615 
072 7 |a KJH  |2 bicssc 
072 7 |a BUS025000  |2 bisacsh 
082 0 4 |a 658.421  |2 23 
245 1 0 |a Emerging Research Directions in Social Entrepreneurship  |h [electronic resource] /  |c edited by Larry Pate, Charles Wankel. 
264 1 |a Dordrecht :  |b Springer Netherlands :  |b Imprint: Springer,  |c 2014. 
300 |a XV, 231 p. 18 illus.  |b online resource. 
336 |a text  |b txt  |2 rdacontent 
337 |a computer  |b c  |2 rdamedia 
338 |a online resource  |b cr  |2 rdacarrier 
347 |a text file  |b PDF  |2 rda 
490 1 |a Advances in Business Ethics Research, A Journal of Business Ethics Book Series ;  |v 5 
505 0 |a Introduction -- Part One: Essential Qualities of Social Entrepreneurs -- Part Two: The Wider Impact of Social Entrepreneurship -- Part Three: Social Entrepreneurship and Global Change -- Conclusion. 
520 |a This book takes an inside-out approach to examine the broad topic of social entrepreneurship. Instead of looking inward at what social entrepreneurship is, this book looks forward from the view of successful social entrepreneurs to answer the important question, “Where is social entrepreneurship going next?” First, the volume looks at the essential qualities of social entrepreneurs, including the importance of humility as a trait in the social entrepreneur, the way in which social entrepreneurs define themselves as such, and if and how opportunity recognition differs in social and traditional entrepreneurs. Next, the volume looks at the impact of social entrepreneurial businesses on individuals but also on the supply chain, other businesses and the wider community. Next, the book explores social entrepreneurship and global change. This rare and compelling section, offers key insights and lessons in the development and promotion of social entrepreneurship in the global economy.This volume addresses both theory and research, suggesting practical solutions. It engages scholars and practitioners across disciplines in an examination and debate about various methods and approaches of enacting programs of social change. 
650 0 |a Business. 
650 0 |a Entrepreneurship. 
650 0 |a Ethics. 
650 0 |a International education. 
650 0 |a Comparative education. 
650 0 |a Social work. 
650 1 4 |a Business and Management. 
650 2 4 |a Entrepreneurship. 
650 2 4 |a International and Comparative Education. 
650 2 4 |a Ethics. 
650 2 4 |a Social Work. 
700 1 |a Pate, Larry.  |e editor. 
700 1 |a Wankel, Charles.  |e editor. 
710 2 |a SpringerLink (Online service) 
773 0 |t Springer eBooks 
776 0 8 |i Printed edition:  |z 9789400778955 
830 0 |a Advances in Business Ethics Research, A Journal of Business Ethics Book Series ;  |v 5 
856 4 0 |u http://dx.doi.org/10.1007/978-94-007-7896-2  |z Full Text via HEAL-Link 
912 |a ZDB-2-SBE 
950 |a Business and Economics (Springer-11643)